000 00289cam a2200121 4500
001 3879
010 _a 2004058837
020 _a1594481938
100 1 _aHornby, Nick.
245 1 2 _aA long way down /
_cNick Hornby.
260 _aNew York :
_bRiverhead Books,
_c2005.
300 _a333 p. ;
_c21 cm.
999 _c3160
_d3160